[Event "41st Olympiad Women 2014"]
[Site "Tromso NOR"]
[Date "2014.08.02"]
[Round "1.7"]
[Board "2"]
[White "Abrahamyan, Tatev"]
[Black "Puuska, Heini"]
[Result "1-0"]
[WhiteTitle "WGM"]
[BlackTitle "WFM"]
[WhiteElo "2366"]
[BlackElo "1975"]
[WhiteTeam "United States of America"]
[BlackTeam "Finland"]
[WhiteFideId "13301918"]
[BlackFideId "502324"]
[EventDate "2014.08.02"]

1. e4 d5 2. exd5 Qxd5 3. Nc3 Qa5 4. d4 Nf6 5. Nf3 Bf5 6. Bc4 e6 7. Bd2 c6 8. Nd5
Qd8 9. Nxf6+ gxf6 10. Bb3 a5 11. a4 Na6 12. Qe2 Nb4 13. O-O-O Qd7 14. Bxb4 axb4
15. d5 Bh6+ 16. Kb1 b5 17. dxe6 Qa7 18. exf7+ Kf8 19. Nh4 bxa4 20. Nxf5 axb3 21.
cxb3 Bf4 22. Qg4 Bg5 23. Rhe1 Qc5 24. Re8+ Rxe8 25. fxe8=Q+ Kxe8 26. Qh5+ 1-0

[Event "41st Olympiad Women 2014"]
[Site "Tromso NOR"]
[Date "2014.08.02"]
[Round "1.7"]
[Board "3"]
[White "Nazarova, Anastasia"]
[Black "Nemcova, Katerina"]
[Result "0-1"]
[WhiteTitle "WCM"]
[BlackTitle "WGM"]
[WhiteElo "1904"]
[BlackElo "2315"]
[WhiteTeam "Finland"]
[BlackTeam "United States of America"]
[WhiteFideId "34101737"]
[BlackFideId "322750"]
[EventDate "2014.08.02"]

1. e4 c5 2. Nf3 e6 3. d4 cxd4 4. Nxd4 a6 5. Bd3 Bc5 6. Nb3 Ba7 7. Nc3 Nc6 8. Qe2
d6 9. Be3 Nf6 10. Bxa7 Rxa7 11. O-O-O e5 12. f3 O-O 13. g4 b5 14. h4 Be6 15. Nd5
Bxd5 16. exd5 Nb4 17. a3 Nxd3+ 18. Qxd3 Rc7 19. h5 Rc4 20. Qe3 Qc7 21. Rh2 Rc8
22. Rdd2 Nxd5 23. Qd3 Ne7 24. Qxd6 Rxc2+ 25. Kb1 Qxd6 0-1

[Event "41st Olympiad Women 2014"]
[Site "Tromso NOR"]
[Date "2014.08.02"]
[Round "1.7"]
[Board "4"]
[White "Foisor, Sabina-Francesca"]
[Black "Walta, Paivi"]
[Result "1-0"]
[WhiteTitle "WGM"]
[BlackTitle "WFM"]
[WhiteElo "2252"]
[BlackElo "1794"]
[WhiteTeam "United States of America"]
[BlackTeam "Finland"]
[WhiteFideId "1212915"]
[BlackFideId "504513"]
[EventDate "2014.08.02"]

1. d4 f5 2. g3 Nf6 3. Bg2 g6 4. c4 Bg7 5. Nc3 d6 6. d5 c6 7. Nf3 e5 8. dxe6 Bxe6
9. Qd3 O-O 10. Ng5 Bc8 11. Bf4 h6 12. Nh3 Be6 13. Bxd6 Re8 14. O-O Ne4 15. c5
Na6 16. Nxe4 fxe4 17. Qc2 g5 18. Kh1 Qf6 19. b3 Nb4 20. Qxe4 Nd5 21. Ng1 Qf7 22.
Rae1 Bf5 23. Qc4 Be6 24. Qc1 Bf6 25. e4 Ne7 26. f4 gxf4 27. gxf4 Qh5 28. f5 1-0

[Event "41st Olympiad Women 2014"]
[Site "Tromso NOR"]
[Date "2014.08.02"]
[Round "1.8"]
[Board "1"]
[White "Socko, Monika"]
[Black "Meghara, Lylia"]
[Result "1-0"]
[WhiteTitle "GM"]
[BlackTitle "WFM"]
[WhiteElo "2470"]
[BlackElo "1811"]
[WhiteTeam "Poland"]
[BlackTeam "Algeria"]
[WhiteFideId "1106619"]
[BlackFideId "7902867"]
[EventDate "2014.08.02"]

1. d4 Nf6 2. c4 e6 3. Nc3 d5 4. Nf3 Be7 5. Bf4 O-O 6. e3 c5 7. dxc5 dxc4 8. Bxc4
Bxc5 9. O-O a6 10. Rc1 b5 11. Bd3 Nbd7 12. Ne4 Nxe4 13. Bxe4 Ra7 14. Nd4 Bxd4
15. Qxd4 Qb6 16. Qxb6 Nxb6 17. Bd6 f5 18. Bxf8 Kxf8 19. Rc6 fxe4 20. Rxb6 Rc7
21. Rd1 Ke7 22. Rbd6 Rc2 23. R6d2 Rc7 24. h3 Bb7 25. Rd6 h6 26. Rb6 Kf6 27. Kh2
h5 28. Kg3 g5 29. h4 g4 30. Rd8 Bd5 31. Rxd5 1-0

[Event "41st Olympiad Women 2014"]
[Site "Tromso NOR"]
[Date "2014.08.02"]
[Round "1.8"]
[Board "2"]
[White "Mezioud, Amina"]
[Black "Szczepkowska-Horowska, Karina"]
[Result "0-1"]
[WhiteTitle "WIM"]
[BlackTitle "WGM"]
[WhiteElo "2052"]
[BlackElo "2380"]
[WhiteTeam "Algeria"]
[BlackTeam "Poland"]
[WhiteFideId "7900970"]
[BlackFideId "1122681"]
[EventDate "2014.08.02"]

1. e4 e5 2. Nf3 Nc6 3. Bc4 Nf6 4. d3 Be7 5. O-O O-O 6. c3 d5 7. exd5 Nxd5 8. Re1
Bg4 9. Nbd2 Kh8 10. h3 Bh5 11. Ne4 f5 12. Ng3 Bg6 13. Nxe5 Nxe5 14. Rxe5 Nb6 15.
Bb3 f4 16. Nh5 Bd6 17. Ra5 f3 18. Rg5 Qe8 19. g4 h6 20. Ra5 c5 21. d4 c4 22. Be3
cxb3 23. axb3 Qf7 24. c4 Nd7 25. Qd2 Kh7 26. Kh1 Nf6 27. Bf4 Ne4 0-1

[Event "41st Olympiad Women 2014"]
[Site "Tromso NOR"]
[Date "2014.08.02"]
[Round "1.8"]
[Board "3"]
[White "Bartel, Marta"]
[Black "Latreche, Sabrina"]
[Result "1/2-1/2"]
[WhiteTitle "WGM"]
[BlackTitle "WIM"]
[WhiteElo "2359"]
[BlackElo "1972"]
[WhiteTeam "Poland"]
[BlackTeam "Algeria"]
[WhiteFideId "1123009"]
[BlackFideId "7901798"]
[EventDate "2014.08.02"]

1. Nf3 Nf6 2. g3 d6 3. d4 Nbd7 4. Bg2 h6 5. d5 Nb6 6. Nc3 e5 7. dxe6 Bxe6 8. Nd4
Bc8 9. e4 Be7 10. O-O O-O 11. a4 a5 12. h3 Re8 13. Re1 Bf8 14. b3 d5 15. exd5
Rxe1+ 16. Qxe1 Nbxd5 17. Nxd5 Nxd5 18. Bb2 Nf6 19. Rd1 Qe8 20. Qxe8 Nxe8 21. Nb5
Bf5 22. Bxb7 Rb8 23. Bd5 Bxc2 24. Rc1 c6 25. Nd4 cxd5 26. Rxc2 Nf6 27. Kg2 Ne4
28. Bc3 Bc5 29. Nb5 Bb6 30. Be5 Re8 31. Bd4 Bxd4 32. Nxd4 Rb8 33. f3 Nf6 34. Kf2
Nd7 35. Rc7 Ne5 36. Ke3 Rb4 37. f4 Ng6 38. Rd7 h5 39. Rxd5 h4 40. g4 Kh7 41. Rb5
Nxf4 42. Kxf4 Rxd4+ 43. Ke3 Rd1 44. Rxa5 Rh1 45. Rh5+ Kg6 46. Rxh4 Rb1 47. Kd4
Rxb3 48. Kc5 Rc3+ 49. Kb5 Rb3+ 50. Ka6 Kf6 51. a5 Ke6 52. Ka7 Kd7 53. a6 Kc6 54.
Rh7 Re3 55. Rh8 Re7+ 56. Kb8 Kb6 57. Rg8 f6 58. Kc8 Ra7 59. Re8 Ra8+ 60. Kd7
Rxe8 61. Kxe8 g6 62. h4 f5 63. h5 gxh5 64. gxf5 h4 65. f6 h3 66. f7 h2 67. f8=Q
h1=Q 68. Qd6+ 1/2-1/2

[Event "41st Olympiad Women 2014"]
[Site "Tromso NOR"]
[Date "2014.08.02"]
[Round "1.8"]
[Board "4"]
[White "Toubal, Hayat"]
[Black "Kulon, Klaudia"]
[Result "0-1"]
[WhiteTitle "WIM"]
[BlackTitle "WIM"]
[WhiteElo "1938"]
[BlackElo "2301"]
[WhiteTeam "Algeria"]
[BlackTeam "Poland"]
[WhiteFideId "7901631"]
[BlackFideId "1131044"]
[EventDate "2014.08.02"]

1. d4 d5 2. c4 e6 3. Nc3 c6 4. Nf3 dxc4 5. a4 Bb4 6. e4 b5 7. Bd2 Nf6 8. Qc2 Bb7
9. e5 Nd5 10. axb5 Bxc3 11. bxc3 cxb5 12. Be2 h6 13. O-O Nd7 14. Rfb1 Bc6 15.
Ra6 Qc7 16. Rba1 N7b6 17. R6a2 O-O 18. Nh4 Bd7 19. f4 b4 20. Ra5 bxc3 21. Bxc3
Nxf4 22. Bf3 Bc6 23. Rc5 Nfd5 24. Ba5 Qd7 25. Be4 Ne3 0-1

[Event "41st Olympiad Women 2014"]
[Site "Tromso NOR"]
[Date "2014.08.02"]
[Round "1.9"]
[Board "2"]
[White "Guichard, Pauline"]
[Black "Tan, Li Ting"]
[Result "1-0"]
[WhiteTitle "WGM"]
[BlackTitle "WCM"]
[WhiteElo "2375"]
[BlackElo "1945"]
[WhiteTeam "France"]
[BlackTeam "Malaysia"]
[WhiteFideId "639370"]
[BlackFideId "5704820"]
[EventDate "2014.08.02"]

1. d4 d5 2. c4 e6 3. Nf3 Nf6 4. Nc3 Be7 5. Bf4 O-O 6. e3 c5 7. dxc5 Bxc5 8. Rc1
Be7 9. Be2 a6 10. cxd5 exd5 11. O-O Nc6 12. Nd4 Bd7 13. Bf3 Be6 14. Na4 Rc8 15.
Nxc6 Rxc6 16. Qd4 Qa5 17. Nc3 Rc4 18. Qd3 Rfc8 19. Rcd1 R4c5 20. Be5 Nd7 21. Bd4
Rc4 22. e4 Bc5 23. Qe3 Bxd4 24. Rxd4 Rxd4 25. Qxd4 Rc4 26. Qa7 dxe4 27. Qa8+ Nf8
28. Bxe4 Qb4 29. Qxb7 Qxb7 30. Bxb7 Rb4 31. Bxa6 Rxb2 32. a4 Nd7 33. Ra1 Nc5 34.
Bf1 Nb3 35. Rd1 Kf8 36. h3 Rc2 37. Ne4 Ke7 38. Bb5 h6 39. f4 Ra2 40. Nc3 Rc2 41.
Nd5+ Kf8 42. Ne3 Rc5 43. g4 g6 44. Kf2 Ke7 45. Kf3 h5 46. Rd3 Na5 47. Kg3 Nb7
48. f5 gxf5 49. gxf5 Bc8 50. Kf4 Na5 51. Rd5 Rc1 52. Be2 Nc6 53. Bxh5 Nb4 54.
Rd4 Nc6 55. Rc4 Rxc4+ 56. Nxc4 Nd4 57. Bg4 Ba6 58. Nd2 Bb7 59. Ne4 Nb3 60. f6+
Kf8 61. Bd1 Nd4 62. Nc5 Bc6 63. Ke5 1-0

[Event "41st Olympiad Women 2014"]
[Site "Tromso NOR"]
[Date "2014.08.02"]
[Round "1.9"]
[Board "3"]
[White "Azman Hisham, Nur Nabila"]
[Black "Collas, Silvia"]
[Result "1/2-1/2"]
[WhiteTitle "WCM"]
[BlackTitle "IM"]
[WhiteElo "1916"]
[BlackElo "2316"]
[WhiteTeam "Malaysia"]
[BlackTeam "France"]
[WhiteFideId "5702135"]
[BlackFideId "2902265"]
[EventDate "2014.08.02"]

1. d4 Nf6 2. c4 e6 3. Nf3 b6 4. g3 Ba6 5. Qc2 Bb7 6. Bg2 c5 7. O-O Qc8 8. Nc3
cxd4 9. Nb5 a6 10. Nbxd4 Nc6 11. Nxc6 Bxc6 12. Bf4 Be7 13. Rfd1 O-O 14. Rac1 Qb7
15. Bd6 Bxd6 16. Rxd6 h6 17. Rcd1 Rfc8 18. Ne1 Bxg2 19. Nxg2 Rc6 20. Qd3 b5 21.
Ne3 Rac8 22. b3 Qb6 23. h3 Kf8 24. Qd4 Qxd4 25. R1xd4 Ke7 26. Rxc6 Rxc6 27. Kg2
Rd6 28. Rd3 Ne4 29. f3 Nc5 30. Rxd6 Kxd6 31. Kf2 f5 32. Ke1 Ke5 33. cxb5 axb5
34. Nc2 g5 35. Kd2 h5 36. Nb4 Kd6 37. Nd3 Na6 38. f4 g4 39. h4 Kd5 40. a3 d6 41.
e3 Nc7 42. Nb4+ Kc5 43. Nd3+ Kd5 44. Nb4+ Ke4 45. Ke2 e5 46. Nd3 Ne6 47. a4 bxa4
48. bxa4 Kd5 49. Kd2 Nc7 50. Nb4+ Ke4 51. Ke2 exf4 52. exf4 d5 53. a5 d4 54. a6
d3+ 55. Nxd3 Nxa6 56. Ne5 Nc5 57. Nc4 Kd5 58. Ne3+ Ke4 59. Nc4 Kd5 60. Ne3+ Ke4 1/2-1/2

[Event "41st Olympiad Women 2014"]
[Site "Tromso NOR"]
[Date "2014.08.02"]
[Round "1.9"]
[Board "4"]
[White "Congiu, Mathilde"]
[Black "Azman Hisham, Nur Najiha"]
[Result "1-0"]
[WhiteTitle "WIM"]
[BlackTitle "WFM"]
[WhiteElo "2318"]
[BlackElo "1886"]
[WhiteTeam "France"]
[BlackTeam "Malaysia"]
[WhiteFideId "634581"]
[BlackFideId "5704685"]
[EventDate "2014.08.02"]

1. e4 c5 2. Nf3 e6 3. d4 cxd4 4. Nxd4 a6 5. Bd3 Nf6 6. O-O Qc7 7. Qe2 d6 8. c4
Bd7 9. b3 Nc6 10. Nxc6 Bxc6 11. Bb2 Be7 12. Nd2 O-O 13. f4 Nd7 14. Rae1 Rad8 15.
Nf3 g6 16. Kh1 Bf6 17. Nd4 Bxd4 18. Bxd4 e5 19. Bc3 Nc5 20. Bc2 f6 21. f5 b5 22.
Bd2 Qg7 23. Rf3 g5 24. b4 Nd7 25. Ra3 Ra8 26. Bd3 Qf7 27. Be3 Kg7 28. Ra5 Rfb8
29. Rc1 bxc4 30. Bxc4 Qe7 31. Be6 Bxe4 32. Bxg5 Bxf5 33. Bxf5 fxg5 34. Rc7 Rc8
35. Qc2 Qd8 36. Rxc8 Rxc8 37. Qd2 Rc6 38. h3 h6 39. Be4 Rb6 40. Bd3 Qc8 41. Bf5
Rb5 42. Bxd7 Qxd7 43. Rxa6 d5 44. Qd3 e4 45. Qd4+ Kh7 46. Qf6 1-0

[Event "41st Olympiad Women 2014"]
[Site "Tromso NOR"]
[Date "2014.08.02"]
[Round "1.10"]
[Board "2"]
[White "Mazariegos, Silvia Carolina"]
[Black "Galojan, Lilit"]
[Result "0-1"]
[WhiteTitle "WIM"]
[BlackTitle "IM"]
[WhiteElo "2017"]
[BlackElo "2275"]
[WhiteTeam "Guatemala"]
[BlackTeam "Armenia"]
[WhiteFideId "7300115"]
[BlackFideId "13301314"]
[EventDate "2014.08.02"]

1. d4 d5 2. Nf3 Nf6 3. Bf4 e6 4. e3 c5 5. c3 Nc6 6. Nbd2 Be7 7. Bd3 Nh5 8. Be5
Nxe5 9. Nxe5 g6 10. Bb5+ Kf8 11. Qf3 f6 12. Bd3 Kg7 13. Ng4 Bd7 14. Qe2 Qb6 15.
Rb1 Rae8 16. O-O Bd6 17. dxc5 Qxc5 18. f3 Nf4 19. Qe1 Nxd3 20. Qh4 Be7 21. Qh6+
Kf7 22. Nb3 Qb6 23. Kh1 Qc7 24. f4 f5 25. Rbd1 fxg4 26. Rxd3 Bb5 27. f5 Bf6 28.
fxe6+ Rxe6 0-1

[Event "41st Olympiad Women 2014"]
[Site "Tromso NOR"]
[Date "2014.08.02"]
[Round "1.10"]
[Board "4"]
[White "Figueroa, Julissa"]
[Black "Sargsyan, Shushanna"]
[Result "0-1"]
[WhiteTitle "WCM"]
[WhiteElo "1833"]
[BlackElo "2109"]
[WhiteTeam "Guatemala"]
[BlackTeam "Armenia"]
[WhiteFideId "7300450"]
[BlackFideId "13304372"]
[EventDate "2014.08.02"]

1. e4 c6 2. d4 d5 3. Nc3 dxe4 4. Nxe4 Bf5 5. Ng3 Bg6 6. Nf3 Nd7 7. h4 h6 8. h5
Bh7 9. Bd3 Bxd3 10. Qxd3 e6 11. Bf4 Qa5+ 12. Bd2 Bb4 13. c3 Be7 14. c4 Qc7 15.
O-O-O Ngf6 16. Kb1 Rd8 17. Ne4 O-O 18. Nxf6+ Nxf6 19. Qe2 c5 20. Bc3 a6 21. Ne5
cxd4 22. Bxd4 Bc5 23. Bc3 b5 24. cxb5 axb5 25. Qxb5 Ne4 26. Ba5 Rxd1+ 0-1

[Event "41st Olympiad Women 2014"]
[Site "Tromso NOR"]
[Date "2014.08.02"]
[Round "1.11"]
[Board "1"]
[White "Madrigal, Ana Daniela"]
[Black "Vega Gutierrez, Sabrina"]
[Result "0-1"]
[WhiteTitle "WFM"]
[BlackTitle "IM"]
[WhiteElo "1986"]
[BlackElo "2395"]
[WhiteTeam "Nicaragua"]
[BlackTeam "Spain"]
[WhiteFideId "6101097"]
[BlackFideId "2219026"]
[EventDate "2014.08.02"]

1. d4 Nf6 2. c4 d6 3. Nf3 g6 4. Nc3 Bg7 5. e4 O-O 6. Be2 Na6 7. O-O e5 8. d5 Nc5
9. Nd2 Bh6 10. Qc2 a5 11. b3 Ne8 12. Bb2 f5 13. Rfd1 Nf6 14. f3 Be3+ 15. Kh1 Nh5
16. Nf1 Bf2 17. Bd3 Qh4 18. Rd2 Ng3+ 19. Nxg3 Bxg3 20. h3 Bf4 21. Kg1 Bxd2 22.
Qxd2 Nxd3 23. Qxd3 fxe4 24. Nxe4 Bf5 25. Rf1 Bxe4 26. Qxe4 Rf4 27. Qe3 a4 28. c5
axb3 29. cxd6 cxd6 30. axb3 Rb4 31. Kh1 Qf4 32. Qc3 Qd4 33. Qc2 Qxd5 34. Rc1
Qxb3 0-1

[Event "41st Olympiad Women 2014"]
[Site "Tromso NOR"]
[Date "2014.08.02"]
[Round "1.11"]
[Board "2"]
[White "Alexandrova, Olga"]
[Black "Mendieta, Kathya"]
[Result "1-0"]
[WhiteTitle "IM"]
[BlackTitle "WFM"]
[WhiteElo "2424"]
[BlackElo "1877"]
[WhiteTeam "Spain"]
[BlackTeam "Nicaragua"]
[WhiteFideId "14102463"]
[BlackFideId "6101496"]
[EventDate "2014.08.02"]

1. d4 Nf6 2. c4 g6 3. Nc3 Bg7 4. e4 d6 5. f4 O-O 6. Nf3 c5 7. d5 e6 8. Be2 exd5
9. cxd5 Re8 10. e5 Nfd7 11. exd6 a6 12. a4 Qf6 13. O-O Qxd6 14. Kh1 Nf6 15. Ne5
Bf5 16. Bf3 h5 17. h3 Ra7 18. g4 hxg4 19. hxg4 Bc8 20. g5 Nh7 21. Ne4 Qd8 22.
Be3 Nd7 23. Nc4 b6 24. Qd2 f6 25. Ned6 Rf8 26. Bg4 f5 27. Bf3 Bb7 28. Nxb7 Rxb7
29. d6 Rb8 30. Rf2 Rf7 31. Bd5 Qf8 32. Rh2 b5 33. axb5 axb5 34. Na5 Kh8 35. Nc6
Re8 36. Bxf7 Qxf7 37. Ne7 Bf8 38. Ra7 Rd8 39. Bxc5 Nxc5 40. Qc3+ 1-0

[Event "41st Olympiad Women 2014"]
[Site "Tromso NOR"]
[Date "2014.08.02"]
[Round "1.11"]
[Board "3"]
[White "Granados, Maria"]
[Black "Aranaz Murillo, Amalia"]
[Result "0-1"]
[WhiteTitle "WIM"]
[BlackTitle "WIM"]
[WhiteElo "1899"]
[BlackElo "2314"]
[WhiteTeam "Nicaragua"]
[BlackTeam "Spain"]
[WhiteFideId "6101488"]
[BlackFideId "22200371"]
[EventDate "2014.08.02"]

1. e4 c6 2. d4 d5 3. Nd2 dxe4 4. Nxe4 Bf5 5. Ng3 Bg6 6. Nf3 e6 7. Ne5 Nd7 8.
Nxg6 hxg6 9. Bf4 Ngf6 10. Qd2 Nd5 11. Bg5 Be7 12. Bxe7 Qxe7 13. Be2 Rd8 14.
O-O-O b5 15. h3 N7b6 16. Rhe1 Na4 17. Bg4 O-O 18. Bf3 Ndc3 19. a3 b4 20. Ne4
Nxd1 21. Qxd1 bxa3 0-1

[Event "41st Olympiad Women 2014"]
[Site "Tromso NOR"]
[Date "2014.08.02"]
[Round "1.11"]
[Board "4"]
[White "Hernandez Estevez, Yudania"]
[Black "Alarcon, Pamela"]
[Result "0-1"]
[WhiteTitle "WIM"]
[WhiteElo "2258"]
[BlackElo "1906"]
[WhiteTeam "Spain"]
[BlackTeam "Nicaragua"]
[WhiteFideId "2219344"]
[BlackFideId "6100694"]
[EventDate "2014.08.02"]

1. e4 e5 2. Nf3 Qe7 3. Nc3 c6 4. Bc4 d6 5. a4 a5 6. d3 g6 7. O-O Bg4 8. h3 Bc8
9. Ng5 Nh6 10. f4 f6 11. Nf3 Na6 12. Be3 Nc7 13. d4 exf4 14. Bxf4 Nf7 15. Qd2
Bd7 16. Kh1 Ne6 17. Be3 Bg7 18. Rf2 O-O 19. Raf1 Kh8 20. Nh2 Neg5 21. Bd3 Rae8
22. Re1 Qd8 23. Nf1 Bc8 24. Ng3 Qd7 25. Bf1 Re7 26. Rfe2 Rfe8 27. Bf4 Ne6 28.
Be3 Neg5 29. Bg1 b6 30. d5 Ba6 31. Rf2 Bxf1 32. Rfxf1 c5 33. h4 Qg4 34. Qf4 Qd7
35. hxg5 fxg5 36. Qd2 Qg4 37. Bf2 Qh4+ 38. Kg1 Be5 39. Qd3 Nh6 40. Re3 Ng4 41.
Rfe1 Qh2+ 42. Kf1 Rf7 43. Rf3 Ref8 44. Nf5 Nxf2 45. Kxf2 gxf5 46. exf5 Bd4+ 47.
Ke2 Qxg2+ 48. Kd1 Qg4 49. Kc1 Be5 50. Ne2 Rxf5 51. Rh3 h5 52. Nc3 Kg7 53. Rhh1
h4 54. Rhg1 Qf4+ 55. Kb1 Qb4 56. Re4 Bd4 57. Re7+ Kg6 58. Rg4 Kh5 59. Qe2 Kh6
60. Qe6+ R5f6 61. Qe2 Rf4 62. Re6+ Bf6 63. Re4 Rxg4 64. Rxg4 Bd4 65. Qe7 Rf1+
66. Ka2 Qc4+ 67. b3 Ra1+ 0-1

[Event "41st Olympiad Women 2014"]
[Site "Tromso NOR"]
[Date "2014.08.02"]
[Round "1.12"]
[Board "2"]
[White "Shabanaj, Eglantina"]
[Black "Melamed, Tatjana"]
[Result "0-1"]
[WhiteTitle "WCM"]
[BlackTitle "WGM"]
[WhiteElo "2033"]
[BlackElo "2364"]
[WhiteTeam "Albania"]
[BlackTeam "Germany"]
[WhiteFideId "4700562"]
[BlackFideId "14102145"]
[EventDate "2014.08.02"]

1. e4 c5 2. b3 d6 3. Bb5+ Bd7 4. Bxd7+ Qxd7 5. Bb2 e5 6. d3 Nf6 7. Nf3 Be7 8.
O-O Nc6 9. Nbd2 O-O 10. Ne1 d5 11. f4 dxe4 12. Nxe4 Nxe4 13. dxe4 Qxd1 14. Rxd1
exf4 15. Rxf4 Rfd8 16. Nd3 Bg5 17. Rf5 Be3+ 18. Kf1 b6 19. Ke2 Bd4 20. c3 g6 21.
Rd5 Bg7 22. Nf4 Re8 23. Kf3 Ne5+ 24. Kg3 c4 25. h3 Rac8 26. R1d2 Bh6 27. Re2 Rc6
28. Rd4 Bg7 29. Rd5 h5 30. Red2 Bh6 31. Rd8 Rc8 32. Rxc8 Rxc8 33. Nd5 Kg7 34.
Rd4 b5 35. Ba3 Nc6 36. Rd1 Rd8 37. Bc5 Rd7 38. Rf1 Bg5 39. h4 Bd8 40. Rf2 f6 41.
Nf4 Bc7 42. Kh3 Bxf4 43. Rxf4 Rd3+ 44. Rf3 Ne5 45. Rxd3 cxd3 46. Be3 Ng4 47. Bf4
Nf2+ 48. Kg3 Nxe4+ 49. Kf3 Nxc3 50. Bd2 Nb1 51. Ba5 d2 52. Ke2 Kf7 53. Bxd2 Nxd2
54. Kxd2 Ke6 55. Kd3 Kd5 56. a3 g5 57. Ke3 Ke5 58. hxg5 fxg5 59. Kd3 h4 60. Ke3
g4 61. a4 b4 62. a5 h3 63. gxh3 gxh3 0-1

[Event "41st Olympiad Women 2014"]
[Site "Tromso NOR"]
[Date "2014.08.02"]
[Round "1.12"]
[Board "3"]
[White "Ohme, Melanie"]
[Black "Tuzi, Bruna"]
[Result "1-0"]
[WhiteTitle "WGM"]
[BlackTitle "WCM"]
[WhiteElo "2301"]
[BlackElo "1759"]
[WhiteTeam "Germany"]
[BlackTeam "Albania"]
[WhiteFideId "4690745"]
[BlackFideId "4701100"]
[EventDate "2014.08.02"]

1. e4 c5 2. Nf3 Nc6 3. Bb5 e6 4. Bxc6 bxc6 5. d3 g6 6. Qe2 Bg7 7. O-O Ne7 8. Nc3
Rb8 9. e5 Qc7 10. Ne4 O-O 11. Nxc5 d6 12. exd6 Qxd6 13. Ne4 Qc7 14. d4 Qb6 15.
Rd1 Ba6 16. c4 Nf5 17. b3 Nxd4 18. Nxd4 Bxd4 19. Rb1 c5 20. Bh6 Rfe8 21. Rxd4 1-0

[Event "41st Olympiad Women 2014"]
[Site "Tromso NOR"]
[Date "2014.08.02"]
[Round "1.12"]
[Board "4"]
[White "Kerciku, Suzana"]
[Black "Hoolt, Sarah"]
[Result "0-1"]
[BlackTitle "WGM"]
[WhiteElo "1519"]
[BlackElo "2318"]
[WhiteTeam "Albania"]
[BlackTeam "Germany"]
[WhiteFideId "4700783"]
[BlackFideId "24606812"]
[EventDate "2014.08.02"]

1. e4 c5 2. Nf3 e6 3. d4 cxd4 4. Nxd4 a6 5. Nc3 b5 6. Be2 b4 7. Na4 Bb7 8. Bf3
Qa5 9. b3 Nf6 10. Qd3 Nc6 11. Bf4 Ne5 12. Bxe5 Qxe5 13. O-O Bxe4 14. Rfe1 d5 15.
Nb6 Qb8 16. Bxe4 dxe4 17. Rxe4 Qxb6 18. Rxe6+ fxe6 19. Re1 Rd8 20. Qc4 Rxd4 21.
Rxe6+ Be7 22. Qe2 Qxe6 0-1

[Event "41st Olympiad Women 2014"]
[Site "Tromso NOR"]
[Date "2014.08.02"]
[Round "1.13"]
[Board "2"]
[White "Gara, Anita"]
[Black "Cordero, Daniela"]
[Result "1-0"]
[WhiteTitle "IM"]
[BlackTitle "WIM"]
[WhiteElo "2327"]
[BlackElo "2010"]
[WhiteTeam "Hungary"]
[BlackTeam "Bolivia"]
[WhiteFideId "709751"]
[BlackFideId "3301630"]
[EventDate "2014.08.02"]

1. e4 d6 2. Nc3 g6 3. d4 Bg7 4. f4 Nf6 5. Nf3 O-O 6. Bd3 Nc6 7. O-O Bg4 8. Be3
Bxf3 9. Qxf3 Nb4 10. e5 dxe5 11. dxe5 Nfd5 12. Nxd5 Nxd5 13. Rad1 c6 14. Be4 Qc7
15. Bxd5 cxd5 16. Qxd5 Qxc2 17. Rf2 Qa4 18. b3 Qa6 19. Rc2 Rfe8 20. Rd4 b5 21.
a4 Rab8 22. Rc6 Qb7 23. a5 a6 24. Qd7 Qa8 25. Rb6 Bf8 26. e6 f5 27. Qc6 Rbc8 28.
Qxa8 Rxa8 29. Rd7 Bg7 30. Bc5 Kf8 31. Kf2 Bf6 32. Ke3 Bc3 33. b4 h6 34. Rbb7 Bf6
35. Ra7 g5 36. g3 gxf4+ 37. Kxf4 Bg5+ 38. Kxf5 Bc1 39. Bxe7+ 1-0

[Event "41st Olympiad Women 2014"]
[Site "Tromso NOR"]
[Date "2014.08.02"]
[Round "1.13"]
[Board "3"]
[White "Estrada, Lucia"]
[Black "Gara, Ticia"]
[Result "0-1"]
[WhiteTitle "WIM"]
[BlackTitle "WGM"]
[WhiteElo "1974"]
[BlackElo "2321"]
[WhiteTeam "Bolivia"]
[BlackTeam "Hungary"]
[WhiteFideId "3301923"]
[BlackFideId "717444"]
[EventDate "2014.08.02"]

1. d4 d5 2. Nf3 Nf6 3. e3 c5 4. b3 cxd4 5. exd4 Nc6 6. Bb2 Bg4 7. Be2 e6 8. Nbd2
Bd6 9. O-O O-O 10. Ne5 Bxe2 11. Qxe2 Rc8 12. c4 dxc4 13. Ndxc4 Nd5 14. Rac1 Be7
15. f4 Ndb4 16. Nxc6 Rxc6 17. a3 Nd5 18. Qf3 Bf6 19. Ne5 Rxc1 20. Rxc1 Bxe5 21.
fxe5 Qd7 22. Rf1 Ne7 23. Qe4 Rd8 24. Rd1 Nc6 25. Rd3 Qd5 26. Qxd5 Rxd5 27. Re3
Nxd4 28. Bxd4 Rxd4 29. Kf2 g5 30. Rg3 h6 31. Ke2 Re4+ 32. Re3 Rxe3+ 33. Kxe3 f5
34. exf6 Kf7 35. Ke4 Kxf6 36. g4 Ke7 37. Ke5 Kd7 38. Ke4 Kd6 39. Kd4 e5+ 40. Ke4
Ke6 41. a4 a5 42. h3 Kd6 43. Ke3 Kd5 0-1

[Event "41st Olympiad Women 2014"]
[Site "Tromso NOR"]
[Date "2014.08.02"]
[Round "1.13"]
[Board "4"]
[White "Papp, Petra"]
[Black "Prado, Alexandra"]
[Result "1-0"]
[WhiteTitle "WGM"]
[WhiteElo "2274"]
[BlackElo "1831"]
[WhiteTeam "Hungary"]
[BlackTeam "Bolivia"]
[WhiteFideId "739049"]
[BlackFideId "3301346"]
[EventDate "2014.08.02"]

1. e4 d6 2. d4 Nf6 3. Nc3 g6 4. f4 Bg7 5. Nf3 O-O 6. Bd3 Nbd7 7. e5 Ne8 8. Ne4
c6 9. O-O Qb6 10. Kh1 d5 11. Ng3 Nc7 12. f5 c5 13. c3 cxd4 14. cxd4 Nb8 15. Qe2
Nc6 16. Be3 Nb4 17. Bb1 Bd7 18. Qd2 Rac8 19. a3 Nc6 20. Bh6 Na5 21. Bxg7 Kxg7
22. f6+ exf6 23. exf6+ Kg8 24. Ne5 Bb5 25. Qh6 Ne6 26. Bxg6 fxg6 27. f7+ 1-0